000 00530nam a2200193 a 4500
003 PILC
005 20160222072506.0
008 080204s19uu xx 00 eng d
020 _a9788174453785
050 _aG 155 A1
_b.Ar769 2007
100 _aArora, R.K.
245 _aSuccessful tourism marketing /
_cR.K. Arora.
260 _aNew Delhi, India :
_bMohit Publications,
_c2007.
300 _a218 pages ;
_c217 cm.
500 _aIncludes index.
650 _aTourism
_xMarketing.
942 _cBK
_2lcc
_kFOR
999 _c22877
_d22877